000
00319nam a22001337a 4500
008
170529b xxu||||| |||| 00| 0 eng d
020
_a
10346203
041
_a
eng
080
_2
3RD
_a
94(7/8)
100
_a
16
101
_a
SHH
245
_a
UNITED STATES HISTORYIN CHRISTIAN PERSPECTIVE
_c
LOWMAN,M.R
942
_2
udc
_c
BK
999
_c
14914
_d
14914